The impact of the land to the tiller program in the Mekong delta

Đã lưu trong:
書目詳細資料
主要作者: Henry C Bush
格式: 圖書
語言:Undetermined
出版: Control Data Corporation 1971
主題:
標簽: 添加標簽
沒有標簽, 成為第一個標記此記錄!
Thư viện lưu trữ: Trung tâm Học liệu Trường Đại học Cần Thơ
LEADER 00554nam a2200169Ia 4500
001 CTU_5731
008 210402s9999 xx 000 0 und d
082 |a 333.309597 
082 |b B978 
100 |a Henry C Bush 
245 4 |a The impact of the land to the tiller program in the Mekong delta 
245 0 |c Henry C Bush, Roger V Russell 
260 |b Control Data Corporation 
260 |c 1971 
650 |a economic geography,mekong river delta 
904 |i Nguyễn Quang Điền, 960728 
980 |a Trung tâm Học liệu Trường Đại học Cần Thơ